000 00350nam a2200145Ia 4500
008 230917s9999||||xx |||||||||||||| ||und||
040 _e142124
_aMAIN
041 _aEnglish
082 _a780.5 S58S
100 _aGarg, Prabhulal
245 0 _aSangeet kafi that ank
260 _aHathras
_bSangeet karyalaya
_c1966
300 _a272p p.
942 _cBK
999 _c38504
_d38504